Normal view MARC view

Entry Topical Term

Number of records used in: 1

001 - CONTROL NUMBER

  • control field: 66152

003 - CONTROL NUMBER IDENTIFIER

  • control field: OSt

005 - DATE AND TIME OF LATEST TRANSACTION

  • control field: 20221215125239.0

008 - FIXED-LENGTH DATA ELEMENTS

  • fixed length control field: 221215|| aca||aabn | a|a d

040 ## - CATALOGING SOURCE

  • Original cataloging agency: OSt
  • Transcribing agency: OSt

150 ## - HEADING--TOPICAL TERM

  • Topical term or geographic name entry element: Pilikula Natural Sancturay

670 ## - SOURCE DATA FOUND

  • Source citation: Work cat.: (OSt)225746: N G Mohan ಎನ್ ಜಿ ಮೋಹನ್ 66151, Pilikula:karavali samskrutiya kai gannadi ಪಿಲಿಕುಳ :ಕರಾವಳಿ ಸಂಸ್ಕೃತಿಯ ಕೈಗನ್ನಡಿ , 2022